000 00908nam a22002177a 4500
001 132
003 FISKH
005 20230301082922.0
008 230228b cb ||||| |||| 00| 0 eng d
040 _aFISKH
_beng
_cFISKH
082 _a510
100 _aPoskitt, Kjartan
245 _aMurderous Maths
_bThe mean and vulgar bits / It's maths with the laughs added in! /
_cKjartan Poskitt
260 _aLondon
_bScholastic
_c2010
300 _a160 p.
_c20 cm.
505 _aQ
520 _aUsing a host of funny characters, this title presents the tricks, tips and shortcuts to statistics they don't teach at school. It helps readers find out how fractions can save them from the toxic mutant fish of Fastbuck, what makes Pongo McWhiffy a mathematical freak, and travel to Planet Mean to discover how averages can be absolutely revolting.
521 8 _a910
_bLexile
521 8 _aQ
_bRaz-Plus
942 _2ddc
_cBK
_n0
999 _c132
_d132